00326nam a2200133Ia 450000500170000000800410001704100080005808200130006610000130007924500390009226000380013130000090016965000140017820250729165401.0250729s2005 xx 000 0 und d aeng a370 SINH aSingh YK aHistory of Indian Education System aNew DelhibA P H Publishingc2005 a279p aEducation